00370nam a2200133Ia 4500008004100000020001500041041001200056082001600068100001300084245009000097260002500187300000800212650001600220221030s9999 xx 000 0 und d a0071133429 aEnglish a105.23bHwa aK. Hwang 0aAdvanced Computer Architecture : Parallelism, Stability, Programmabilitycby K. Hwang bTMHaNew Delhic2002 a770 aBE Computer